000 00431nam a2200169Ia 4500
003 LK-CoDNM
008 010623t1921 xxu||||| |||| 00| 1 sin d
040 _aLK-CoDNM
_dLK-CoDNM
_eLK-CoDNM
041 _asin
080 _a104 J.1
100 _aPremavathi,W.P
_eed.
245 _aශ්‍රී සුධර්ම
246 _aSri Sudharma
260 _bSri Sudharma Society
_aKandy
_c1921
300 _b10p., 27 cm
942 _cBK
999 _c90820
_d90820